Tublatanka dospela 3 otázky pre Maťa Ďurindu, speváka a gitaristu

Bibliographic Details
Main Authors: Valášek, Michal (Author, Interviewer), Ďurinda, Martin, 1961- (Author)
Format: Article
Language:Slovak
PhysicalDescription:Fotogr.
ISSN:0231-6676
Subjects:

MARC

LEADER 00000nab a2200000 a 4500
001 vtls008158325
003 SK-MaSNL
005 20260304015441.0
008 160322c2005 xo wr|p|||||||000 b|slo
015 |a SNBRB2005/05  |2 snkbucl 
038 |a SNKBUCL 
040 |a SNKBUCL  |b slo  |c SNKBUCL  |e AACR2 
041 0 |a slo 
044 |a xo  |c SK 
080 |a 78.071.1/.2  |2 1981 
080 |a 784.66  |2 1981 
100 1 |a Valášek, Michal  |4 ivr  |4 aut  |9 548198 
245 1 0 |a Tublatanka dospela  |b 3 otázky pre Maťa Ďurindu, speváka a gitaristu  |c [zhováral sa] Michal Valášek 
300 |b Fotogr. 
600 1 7 |a Ďurinda, Martin,  |d 1961-  |2 snkbucl  |9 251059 
610 2 7 |a Tublatanka (hudobná skupina)  |2 snkbucl  |9 32481 
700 1 |a Ďurinda, Martin,  |d 1961-  |4 ive  |4 aut  |9 251059 
773 0 |t Slovenka  |g Roč. 58, č. 21 (2005), s. [31]  |x 0231-6676 
852 |a SNK  |b KIS3GCP 
958 |a BX 
999 |c 2591639  |d 2593569